Statistics for Golfer to Country quiz

Click here to take the quiz!

General Stats

  • This quiz has been taken 109 times
  • The average score is 6 of 8

Answer Stats

GolferCountry% Correct
WoodsUSA
95%
DayAustralia
94%
RoseEngland
91%
GarciaSpain
90%
MolinariItaly
85%
LangerGermany
83%
WillettEngland
75%
RodriguezPuerto Rico
11%

Score Distribution

Percentile by Number Answered

Percent of People with Each Score

Your Score History

You have not taken this quiz